Normal view
MARC view
- Kamal, AA
Entry Personal Name
001 - CONTROL NUMBER
- control field: 7207
003 - CONTROL NUMBER IDENTIFIER
- control field: OSt
005 - DATE AND TIME OF LATEST TRANSACTION
- control field: 20250221113821.0
008 - FIXED-LENGTH DATA ELEMENTS
- fixed length control field: 250221|| aca||aabn | a|a d
040 ## - CATALOGING SOURCE
- Original cataloging agency: OSt
- Transcribing agency: OSt
100 ## - HEADING--PERSONAL NAME
- Personal name: Kamal, AA
670 ## - SOURCE DATA FOUND
- Source citation: Work cat.: (OSt)19426: Kamal, AA, Solutions to Resnick and Halliday Physics Part11, 1994.
